000 00575nam a2200181Ia 4500
005 20250508162207.0
008 008 250505s9999 xx 000 0 eng d
037 _aTextual
040 _aFEDL
_beng
_cFEDL
041 _aeng
_2eng
084 _a371.928, BIS
_qFEDL
100 _aBiswas Manju
_9694561
245 0 _aMentally retarded and normal children : A comparative study of their family conditions
260 _aNew Delhi, India
_bSterling Publishers Pvt Ltd
_c1980
300 _axi,157p
942 _cTEXL
_h371.928, BIS
999 _c1374941
_d1374941